The Culture of German Environmentalism : (Record no. 15443)
[ view plain ]
| 000 -LEADER | |
|---|---|
| fixed length control field | 01389cam a22003254a 4500 |
| 001 - CONTROL NUMBER | |
| control field | 12747253 |
| 005 - DATE AND TIME OF LATEST TRANSACTION | |
| control field | 20040121081721.0 |
| 008 - FIXED-LENGTH DATA ELEMENTS--GENERAL INFORMATION | |
| fixed length control field | 020418s2002 nyua b 001 0 eng |
| 010 ## - LIBRARY OF CONGRESS CONTROL NUMBER | |
| LC control number | 2002066601 |
| 020 ## - INTERNATIONAL STANDARD BOOK NUMBER | |
| International Standard Book Number | 1571816704 |
| 020 ## - INTERNATIONAL STANDARD BOOK NUMBER | |
| International Standard Book Number | 9781571816702 |
| 040 ## - CATALOGING SOURCE | |
| Original cataloging agency | DLC |
| Transcribing agency | DLC |
| Modifying agency | DLC |
| 042 ## - AUTHENTICATION CODE | |
| Authentication code | pcc |
| 043 ## - GEOGRAPHIC AREA CODE | |
| Geographic area code | e-gx--- |
| 050 00 - LIBRARY OF CONGRESS CALL NUMBER | |
| Classification number | GE199.G3 |
| Item number | C85 2002 |
| 082 00 - DEWEY DECIMAL CLASSIFICATION NUMBER | |
| Classification number | 363.700943 |
| Edition number | 22 |
| Item number | CUL |
| 245 04 - TITLE STATEMENT | |
| Title | The Culture of German Environmentalism : |
| Remainder of title | Anxieties, Visions, Realities / |
| Statement of responsibility, etc | Edited by Axel Goodbody. |
| 260 ## - PUBLICATION, DISTRIBUTION, ETC. (IMPRINT) | |
| Place of publication, distribution, etc | New York : |
| Name of publisher, distributor, etc | Berghahn Books, 2002 |
| Date of publication, distribution, etc | 2002. |
| 300 ## - PHYSICAL DESCRIPTION | |
| Extent | xi, 227 p. : |
| Other physical details | ill. ; |
| Dimensions | 24 cm. |
| 490 ## - Series Statement | |
| -- | 24310 |
| Series statement | Culture and Society in Germany ; |
| -- | 5 |
| 504 ## - BIBLIOGRAPHY, ETC. NOTE | |
| Bibliography, etc | Includes bibliographical references (p. [207]-221) and index. |
| 650 #0 - SUBJECT ADDED ENTRY--TOPICAL TERM | |
| Topical term or geographic name as entry element | Environmentalism |
| Geographic subdivision | Germany. |
| 9 (RLIN) | 24311 |
| 653 ## - INDEX TERM--UNCONTROLLED | |
| Resource For college | |
| Arrived date list | May2011 |
| 700 1# - ADDED ENTRY--PERSONAL NAME | |
| Personal name | Goodbody, Axel, |
| Dates associated with a name | 1950- |
| Relator term | edt |
| 9 (RLIN) | 24312 |
| 856 42 - ELECTRONIC LOCATION AND ACCESS | |
| Materials specified | Book review (H-Net) |
| Uniform Resource Identifier | <a href="http://www.h-net.org/review/hrev-a0d0y0-aa">http://www.h-net.org/review/hrev-a0d0y0-aa</a> |
| 856 41 - ELECTRONIC LOCATION AND ACCESS | |
| Materials specified | Table of contents |
| Uniform Resource Identifier | <a href="http://www.loc.gov/catdir/toc/fy037/2002066601.html">http://www.loc.gov/catdir/toc/fy037/2002066601.html</a> |
| 942 ## - ADDED ENTRY ELEMENTS (KOHA) | |
| Source of classification or shelving scheme | Dewey Decimal Classification |
| Item type | Book - Borrowing |
| Withdrawn status | Item status | Source of classification or shelving scheme | Damaged status | Not for loan | Vendor | Home library | Current library | Shelving location | Date acquired | Source of acquisition | Cost, normal purchase price | Serial Enumeration / chronology | Total Checkouts | Total Renewals | Full call number | Barcode | Date last seen | Date last borrowed | Koha item type |
|---|---|---|---|---|---|---|---|---|---|---|---|---|---|---|---|---|---|---|---|
| Dewey Decimal Classification | Baccah | Central Library | Central Library | First floor | 29/05/2011 | 228.00 | 12337 | 3 | 3 | 363.700943 CUL | 000023768 | 15/07/2025 | 08/02/2015 | Book - Borrowing |